书目信息 |
| 题名: |
木作工程(第二版)
|
|
| 作者: | 王寿华 编著 | |
| 分册: | ||
| 出版信息: | 北京 中国建筑工业出版社 1997.10 |
|
| 页数: | 183页 | |
| 开本: | 32开 | |
| 丛书名: | ||
| 单 册: | ||
| 中图分类: | TU759 | |
| 科图分类: | ||
| 主题词: | 建筑工程--各种 | |
| 电子资源: | ||
| ISBN: | 7-112-03290-3 | |
| 000 | 00564nam0 2200193 45 | |
| 001 | 0009240940 | |
| 005 | 20000924094305.9 | |
| 010 | @a7-112-03290-3@d9.00元 | |
| 100 | @a20000924d1997 km y0chiy0120 ea | |
| 101 | 0 | @achi |
| 105 | @a z 000yy | |
| 200 | 1 | @a木作工程(第二版)@AMu Zuo Gong Cheng(Di Er Ban)@f王寿华编著@FWang Shou Hua Bian Zhu |
| 210 | @a北京@c中国建筑工业出版社@d1997.10 | |
| 215 | @a183页@d32开 | |
| 606 | 0 | @a建筑工程@x各种 |
| 690 | @aTU759@v3 | |
| 701 | 0 | @a王寿华@4编著 |
| 801 | @aCN@bPftUser@c20000924 | |
| 905 | @b152230-234@dTU759@eW331=2@f5 | |
| 木作工程(第二版)/王寿华编著.-北京:中国建筑工业出版社,1997.10 |
| 183页;32开 |
| ISBN 7-112-03290-3:9.00元 |
| ● |
| 相关链接 |
|
|
|
正题名:木作工程(第二版)
索取号:TU759/W331=2
 
预约/预借
| 序号 | 登录号 | 条形码 | 馆藏地/架位号 | 状态 | 备注 |
| 1 | 152230 | 201522307 | 建筑库201/201建筑库 44排3列2层/ [索取号:TU759/W331=2] | 在馆 | |
| 2 | 152231 | 201522316 | 建筑库201/201建筑库 44排3列2层/ [索取号:TU759/W331=2] | 在馆 | |
| 3 | 152232 | 201522325 | 建筑库201/ [索取号:TU759/W331=2] | 在馆 | |
| 4 | 152233 | 201522334 | 自科二线404/404自科库 12排4列3层/ [索取号:TU759/W331=2] | 在馆 | |
| 5 | 152234 | 201522343 | 建筑库201/201建筑库 44排3列2层/ [索取号:TU759/W331=2] | 在馆 |